000 00226nam a22000857a 4500
008 160714b xxu||||| |||| 00| 0 eng d
100 _92838
_a Reader's Digest
245 _aHow is it done?
260 _aNew York
_bReader's Digest
_c1990
999 _c2424
_d2424